00635nam a2200145 a 4500008004100000050002400041110005600065245012200121260007000243300001500313350000900328500007200337650003300409710004700442090708s1992 ||||||||||||||||| || u aGOV.ZAM(058)ER/1992 aNational Commission for Development Planning (NCDP)10aRepublic of Zambia economic review 1992cBy the Office of the President. National Commission for Development Planning aLusakabNational Commission for Development Planning (NCDP)c1992 a34p.: ill. a0.00 aLIBRARY HOLDINGS: January-March 1992, Second review, september 1992 0aECONOMIC DEVELOPMENT--ZAMBIA aGovernment of the Republic of Zambia (GRZ)